000 00325nam a22001457a 4500
008 230718b ||||| |||| 00| 0 eng d
020 _a9780134217437
041 _aeng
080 _2ELEVENTH EDITION
_a51
082 _a51LIA
100 _a23
101 _aMATEM
245 _aTRIGONOMETRY
_cLIAL.HORNSBY
942 _2udc
_cBK
999 _c60152
_d60152